The pirates who don't do anything / (Record no. 655)
[ view plain ]
| 000 -LEADER | |
|---|---|
| fixed length control field | 01083nam a22002657a 4500 |
| 005 - DATE AND TIME OF LATEST TRANSACTION | |
| control field | 20230926102140.0 |
| 020 ## - INTERNATIONAL STANDARD BOOK NUMBER | |
| International Standard Book Number | 9781400312269 (pbk.) |
| 020 ## - INTERNATIONAL STANDARD BOOK NUMBER | |
| International Standard Book Number | 1400312264 (pbk.) |
| 040 ## - CATALOGING SOURCE | |
| Original cataloging agency | DLC |
| Transcribing agency | DLC |
| Modifying agency | DLC |
| Language of cataloging | eng |
| 050 00 - LIBRARY OF CONGRESS CALL NUMBER | |
| Classification number | BV1585 |
| Item number | .P57 1999 |
| 100 ## - MAIN ENTRY--PERSONAL NAME | |
| Personal name | Metaxas, Eric ; Kenney Cindy |
| 245 04 - TITLE STATEMENT | |
| Title | The pirates who don't do anything / |
| Remainder of title | Big idea's Jonah a veggietales movie |
| 260 ## - PUBLICATION, DISTRIBUTION, ETC. | |
| Place of publication, distribution, etc. | United States: |
| Name of publisher, distributor, etc. | Big Idea, |
| Date of publication, distribution, etc. | 2002. |
| 300 ## - PHYSICAL DESCRIPTION | |
| Extent | 23 pages : |
| Other physical details | illustrations ; |
| Dimensions | 29 cm. |
| 505 ## - FORMATTED CONTENTS NOTE | |
| Formatted contents note | H <br/> |
| 520 ## - SUMMARY, ETC. | |
| Summary, etc. | Pa Grape, one of the Pirates Who Don't Do Anything, tells of the Pirates' one adventure, when they sailed with a man named Jonah, were caught in a storm, made Jonah walk the plank, then tried to rescue him from the whale that swallowed him. |
| 521 ## - TARGET AUDIENCE NOTE | |
| Target audience note | 480 <br/> |
| Source | Lexile estimate |
| 650 #0 - SUBJECT ADDED ENTRY--TOPICAL TERM | |
| Topical term or geographic name entry element | Christian vacation schools. |
| 650 #0 - SUBJECT ADDED ENTRY--TOPICAL TERM | |
| Topical term or geographic name entry element | Christian education of children. |
| 650 #0 - SUBJECT ADDED ENTRY--TOPICAL TERM | |
| Topical term or geographic name entry element | Christian education |
| General subdivision | Curricula |
| Form subdivision | Textbooks. |
| 650 #0 - SUBJECT ADDED ENTRY--TOPICAL TERM | |
| Topical term or geographic name entry element | Christian education |
| General subdivision | Activity programs. |
| 906 ## - LOCAL DATA ELEMENT F, LDF (RLIN) | |
| a | 7 |
| b | cbc |
| c | orignew |
| d | 2 |
| e | ncip |
| f | 20 |
| g | y-gencatlg |
| 942 ## - ADDED ENTRY ELEMENTS (KOHA) | |
| Source of classification or shelving scheme | Dewey Decimal Classification |
| Koha item type | Books |
| Suppress in OPAC | No |
| 999 ## - | |
| -- | 655 |
| -- | 655 |
| Withdrawn status | Lost status | Source of classification or shelving scheme | Damaged status | Not for loan | Collection | Home library | Current library | Shelving location | Date acquired | Total Checkouts | Full call number | Barcode | Date last seen | Date last checked out | Price effective from | Koha item type |
|---|---|---|---|---|---|---|---|---|---|---|---|---|---|---|---|---|
| Dewey Decimal Classification | Juvenile Fiction | Footprints International School Library Network Toul Kork Campus | Footprints International School Library Network Toul Kork Campus | TK Primary Library Room(4th Floor), Bookcase 1&2, Shelves 1-16, Dark Blue Books | 06/28/2023 | 3 | KEN Fic PZ7.M564 | FISBK00467 | 10/09/2024 | 09/18/2024 | 06/28/2023 | Books |
